Psicología infantil

Uloženo v:
Podrobná bibliografie
Hlavní autoři: Vasta, Ross (Autor), Haith, Marshall M (Autor), Miller, Scott A (Autor)
Médium: Kniha
Jazyk:španělština
Vydáno: Barcelona Ariel 2001
Vydání:2a. ed
Edice:Ariel Psicología
Témata:
Tagy: Přidat tag
Žádné tagy, Buďte první, kdo vytvoří štítek k tomuto záznamu!

MARC

LEADER 00000nam a2200000 a 4500
001 UCL0135
003 CL-VaPUC
008 030627e20010000SP |||||||||||||||||spa|d
082 0 4 |a 155.4  |b VAS  |2 21 
100 0 |a Vasta, Ross  |e author  |9 476872 
700 0 |a Haith, Marshall M  |e author  |9 476873 
700 0 |a Miller, Scott A  |e author  |9 476874 
245 1 0 |a Psicología infantil 
250 |a 2a. ed 
300 |a 857 p 
942 |c BK 
945 |d 20030627 00:00:00  |a cmena 
260 |a Barcelona  |b Ariel  |c 2001 
650 0 |a Desarrollo afectivo  |9 334359 
650 0 |a Desarrollo infantil  |9 308064 
650 7 |a DESARROLLO MORAL  |2 CL-VaPUC  |9 310605 
650 0 |a Métodos de investigación   |9 262618 
650 0 |a Psicología del niño  |9 307305 
583 |a last modification  |c 20030627 00:00:00  |k Rodrigo Vera 
490 0 |a Ariel Psicología 
999 |c 304157  |d 304155 
952 |0 0  |1 0  |4 0  |6 155_400000000000000_VAS_2001  |7 0  |8 A  |9 366039  |a BIBEDU  |b BIBEDU  |d 2019-11-21  |i 3917924  |o 155.4 VAS 2001  |p 3917924  |r 2019-11-21  |w 2019-11-21  |y BK  |k PSI